[Event "Alegre op"]
[Site "Alegre"]
[Date "2024.03.09"]
[Round "3"]
[White "Becker, Werner Cantalicio J"]
[Black "Lopes, Guilherme Beche"]
[Result "1-0"]
[WhiteElo "1711"]
[BlackElo "1800"]
[PlyCount "77"]
[EventDate "2024.03.08"]
[EventType "swiss"]
[EventRounds "5"]
[EventCountry "BRA"]
[SourceTitle "CBM 219 Extra"]
[Source "ChessBase"]
[SourceDate "2024.05.31"]
[SourceVersion "1"]
[SourceVersionDate "2024.05.31"]
[SourceQuality "1"]

1. e4 c6 2. d4 d5 3. e5 Bf5 4. Nf3 e6 5. Be2 c5 6. c3 Nd7 7. 0-0 Ne7 8. Na3 a6 9. Be3 Ng6 10. Bg5 Ne7 11. Nh4 Qb6 12. Bc1 h6 13. Nxf5 Nxf5 14. g4 Ne7 15. f4 Nc6 16. Nc2 Be7 17. Rb1 a5 18. Qd3 0-0 19. f5 Bd8 20. Rf3 Qa7 21. Rh3 Ndxe5 22. dxe5 c4+ 23. Qe3 Bb6 24. Nd4 Nxd4 25. Kg2 Nc6 26. Qg3 Bc7 27. Bf4 Qb8 28. Qh4 Bxe5 29. Bxe5 Qxe5 30. Re1 exf5 31. g5 Qe4+ 32. Qxe4 fxe4 33. gxh6 gxh6 34. Rxh6 Kg7 35. Rh3 Rfe8 36. Kf2 Kf6 37. Ke3 Rad8 38. Rf1+ Ke7 39. Rh7 1-0